| 000 | 01832nam a22002897a 4500 | ||
|---|---|---|---|
| 999 |
_c58955 _d58955 |
||
| 003 | Ge_BSU | ||
| 005 | 20221024144611.0 | ||
| 008 | 221024s1995 ge ||||| |||| 00| 0 geo d | ||
| 041 | _ageo | ||
| 080 | _a321.7(73) ჯ-21 | ||
| 100 |
_aჯანდა, ქენეთ _915485 |
||
| 245 |
_aამერიკული დემოკრატია : _bაშშ ხელისუფლება და პოლიტიკური პროცესი: შემოკლ. რედაქცია / _c ქენეთ ჯანდა, ჯეფრი მ. ბერი, ჯერი გოლდმენი ; შემოკლ. ერლ ჰაფის მიერ ; ინგლ. თარგმნა რევაზ გაჩეჩილაძემ ; თარგმ. რედ. მინდია უგრეხელიძე. |
||
| 264 |
_aთბილისი : _bჯისიაი, _c1995. |
||
| 300 |
_a477 გვ. ; _b26 სმ. |
||
| 501 | _aპარალ. თავფ. ინგლ. ენ. | ||
| 504 | _aბიბლიოგრ.: გვ. 462-475. | ||
| 653 | _aამერიკული დემოკრატია. | ||
| 653 | _aაშშ-ს ხელისუფლება | ||
| 653 | _aაშშ-ს პოლიტიკა | ||
| 653 | _aპოლიტიკური პარტიები აშშ-ში | ||
| 653 | _aაშშ-ს კონსტიტუცია | ||
| 700 |
_aბერი, ჯეფრი მ., _eავტორი. _915486 |
||
| 700 |
_aგოლდმენი, ჯერი _eავტორი _915487 |
||
| 700 |
_aგაჩეჩილაძე, რევაზ _eმთარგმნელი _96988 |
||
| 700 |
_aუგრეხელიძე, მინდია _eმთარგ. რედაქტორი _96958 |
||
| 942 |
_2udc _cBK |
||